[Event "North Sydney Ford Memorial"]
[Site "Sydney"]
[Date "2006.10.03"]
[Round "5"]
[White "Chen, Yu Shuin"]
[Black "Smirnov, Vladimir"]
[Result "0-1"]
[WhiteElo "1937"]
[BlackElo "2256"]
[PlyCount "74"]
[EventDate "2006.08.15"]
[EventType "swiss"]
[EventRounds "9"]
[EventCountry "AUS"]
[SourceTitle "EXT 2010"]
[Source "ChessBase"]
[SourceDate "2010.11.25"]
[SourceVersion "1"]
[SourceVersionDate "2010.11.25"]
[SourceQuality "1"]

1. d4 Nc6 2. Nf3 d6 3. d5 Nb8 4. e4 Nf6 5. Bd3 g6 6. 0-0 Bg7 7. Re1 0-0 8. Nbd2 c6 9. c4 a5 10. Rb1 Na6 11. a3 Nc5 12. Bc2 a4 13. b4 axb3 14. Nxb3 Na4 15. Qd3 Nd7 16. Nbd4 Ndc5 17. Qe3 Qc7 18. Bxa4 Rxa4 19. Rb4 Ra6 20. h3 Qd8 21. Re2 Na4 22. dxc6 bxc6 23. Nxc6 Rxc6 24. Rxa4 Bd7 25. Bb2 e5 26. Rc2 f5 27. exf5 Bxf5 28. Rc1 Rc5 29. Rb4 Qc7 30. Ne1 Be6 31. Nd3 Rxc4 32. Rbxc4 Bxc4 33. Qe4 Rc8 34. Nb4 Qf7 35. Nd5 Ba6 36. Rxc8+ Bxc8 37. Bc3 Bb7 0-1

[Event "North Sydney Ford Memorial"]
[Site "Sydney"]
[Date "2006.09.26"]
[Round "4"]
[White "Easterbrook Smith, Simon Barnett"]
[Black "Chen, Yu Shuin"]
[Result "0-1"]
[WhiteElo "1891"]
[BlackElo "1937"]
[PlyCount "42"]
[EventDate "2006.08.15"]
[EventType "swiss"]
[EventRounds "9"]
[EventCountry "AUS"]
[SourceTitle "EXT 2010"]
[Source "ChessBase"]
[SourceDate "2010.11.25"]
[SourceVersion "1"]
[SourceVersionDate "2010.11.25"]
[SourceQuality "1"]

1. e4 d5 2. exd5 Qxd5 3. Nc3 Qd6 4. d4 Nf6 5. Bc4 a6 6. Nf3 b5 7. Bd3 Bb7 8. 0-0 e6 9. Bg5 Be7 10. Qe2 0-0 11. Rae1 Nbd7 12. Bh4 Qb4 13. Rb1 Bxf3 14. Qxf3 Qxd4 15. Bg3 Bd6 16. Rfd1 Qb6 17. Bf1 Rad8 18. Bh4 h6 19. Ne4 Nxe4 20. Bxd8 Nxf2 21. Qxf2 Bc5 0-1